Gustav Mahler [ (Record no. 4000)

MARC details
000 -LEADER
campo de control de longitud fija 01633nkm a2200337 i 4500
001 - NÚMERO DE CONTROL
campo de control 4000
003 - IDENTIFICADOR DE NÚMERO DE CONTROL
campo de control ES-MaACL
005 - FECHA Y HORA DE LA ÚLTIMA TRANSACCIÓN
campo de control 20250713062904.0
007 - CAMPO FIJO DE DESCRIPCIÓN FÍSICA--INFORMACIÓN GENERAL
campo de control de longitud fija khrbo
008 - DATOS DE LONGITUD FIJA--INFORMACIÓN GENERAL
campo de control de longitud fija 070621s1987 sp --- g |001||spa d
100 0# - ENTRADA PRINCIPAL--NOMBRE DE PERSONA
Nombre de persona Alfonso,
Fechas asociadas al nombre 1902-1990
9 (RLIN) 19858
245 10 - MENCIÓN DEL TÍTULO
Título Gustav Mahler [
Medio Fotografía]
Resto del título : entre el deseo y el arte /
Mención de responsabilidad, etc. Alfonso (sello).
260 ## - PUBLICACIÓN, DISTRIBUCIÓN, ETC.
Lugar de publicación, distribución, etc. [S.l. :
Nombre del editor, distribuidor, etc. s.n.],
Fecha de publicación, distribución, etc. 1987.
300 ## - DESCRIPCIÓN FÍSICA
Extensión 2 fot. :
Otras características físicas b. y n. ;
Dimensiones 12 x 18 cm.
500 ## - NOTA GENERAL
Nota general Datos basados en invitación.
500 ## - NOTA GENERAL
Nota general Incluye representación de la obra "Gustav Mahler: entre el deseo y el arte" por el Grupo Dramático "Alcores"
511 0# - NOTA DE PARTICIPANTES O INTÉRPRETES
Nota de participantes o intérpretes Intervienen: Jorge Sánchez Morión, Javier Miranda Valdés, Enrique Fernández Valderrama, César de Vicente Hernando, Damián García Fente.
518 ## - NOTA DE FECHA/HORA Y LUGAR DE UN ACONTECIMIENTO
Nota de fecha/hora y lugar de un acontecimiento Acto organizado por el Ateneo de Madrid en colaboración con la Sección de Música y la revista "Alcores" de Cultura e Investigación, celebrado en el salón de actos el lunes, 13 de abril de 1987, a las 19:30 h.
600 14 - PUNTO DE ACCESO ADICIONAL DE MATERIA--NOMBRE DE PERSONA
Nombre de persona Sánchez Morión, Jorge.
9 (RLIN) 102799
600 14 - PUNTO DE ACCESO ADICIONAL DE MATERIA--NOMBRE DE PERSONA
Nombre de persona Miranda Valdés, Javier.
9 (RLIN) 81558
600 14 - PUNTO DE ACCESO ADICIONAL DE MATERIA--NOMBRE DE PERSONA
Nombre de persona Fernández Valderrama, Enrique.
9 (RLIN) 50137
600 14 - PUNTO DE ACCESO ADICIONAL DE MATERIA--NOMBRE DE PERSONA
Nombre de persona Vicente Hernando, César de.
9 (RLIN) 114361
600 14 - PUNTO DE ACCESO ADICIONAL DE MATERIA--NOMBRE DE PERSONA
Nombre de persona García Fente, Damián.
9 (RLIN) 54590
610 24 - PUNTO DE ACCESO ADICIONAL DE MATERIA--NOMBRE DE ENTIDAD CORPORATIVA
Nombre de entidad corporativa o nombre de jurisdicción como elemento de entrada Ateneo de Madrid-
Subdivisión general Actos culturales-
Subdivisión cronológica 1987-
Subdivisión de forma Fotografías.
9 (RLIN) 1902
710 2# - ENTRADA AGREGADA--NOMBRE DE ENTIDAD CORPORATIVA
Nombre de entidad corporativa o nombre de jurisdicción como elemento de entrada Ateneo de Madrid.
Unidad subordinada Sección de Música.
9 (RLIN) 2004
710 2# - ENTRADA AGREGADA--NOMBRE DE ENTIDAD CORPORATIVA
Nombre de entidad corporativa o nombre de jurisdicción como elemento de entrada Grupo Dramático "Alcores"
9 (RLIN) 4523
730 0# - ASIENTO SECUNDARIO--TITULO UNIFORME
Título uniforme Alcores.
9 (RLIN) 118754
852 ## - LOCALIZACIÓN
Ubicación ES-MaACL
Número de control de estantería FOT 65/1987
856 4# - LOCALIZACIÓN Y ACCESO ELECTRÓNICOS
Identificador Uniforme de Recursos <a href="http://www.ateneodemadrid.net/biblioteca_digital/imagenes/1987/0065-1987.jpg">http://www.ateneodemadrid.net/biblioteca_digital/imagenes/1987/0065-1987.jpg</a>
Nota pública Ver imagen
Holdings
Estatus retirado Estado de pérdida Estado de daño No para préstamo Colección Biblioteca de origen Biblioteca actual Ubicación en estantería Fecha de adquisición Fuente de adquisición Total de préstamos Signatura topográfica completa Código de barras Visto por última vez Precio de reemplazo Tipo de ítem Koha
        Colección digital Biblioteca del Ateneo de Madrid Biblioteca del Ateneo de Madrid Depósito Z 17/01/2008     FOT 65/1987 1004063 23/02/2023 23/02/2023 Fotografía